Tres embajadores de Felipe II en Inglaterra

Saved in:
Bibliografiske detaljer
Hovedforfatter: Fernández Alvarez, Manuel (Author)
Format: Bog
Sprog:spansk
Udgivet: Madrid Instituto Jerónimo Zurita 1951
Fag:
Tags: Tilføj Tag
Ingen Tags, Vær først til at tagge denne postø!

MARC

LEADER 00000nam a2200000 a 4500
001 UCO1265
003 CL-VaPUC
008 000512e19510000SP |||||||||||||||||spa|d
082 0 4 |a 327.46042  |b FER  |2 21 
100 0 |a Fernández Alvarez, Manuel  |e author  |9 443219 
245 1 0 |a Tres embajadores de Felipe II en Inglaterra 
300 |a 319 p 
942 |c BK 
945 |d 20000512 00:00:00  |a rherrera 
260 |a Madrid  |b Instituto Jerónimo Zurita  |c 1951 
600 0 7 |a FELIPE II  |2 CL-VaPUC  |9 314006 
650 7 |a DIPLOMACIA ESPAÑOLA SIGLO 19  |2 CL-VaPUC  |9 443220 
650 0 |a Relaciones Internacionales  |9 255740 
650 7 |a EMBAJADORES  |2 CL-VaPUC  |9 401390 
651 0 |a España  |9 254926 
651 0 |a Inglaterra  |9 255158 
583 |a last modification  |c 20160829 01:26:00  |k Rodrigo Vera 
999 |c 287894  |d 287892 
952 |0 0  |1 0  |4 0  |6 327_460420000000000_FER_1951  |7 0  |8 A  |9 334982  |a BIBHIS  |b BIBHIS  |d 2019-11-20  |i 1269712  |o 327.46042 FER 1951  |p 1269712  |r 2025-01-20  |w 2019-11-20  |y BK  |k HIS